• 首页
  • 本馆介绍
  • 公告通知
  • 最新文献
  • 馆藏检索
  • 电子资源
  • 读者导购
  • 参考咨询
  • 我的图书馆
  • 登录
  • 详细信息显示
  • 放入我的书架
  • 预约/预借图书
  • 作者相关作品
  • 分类相关作品
  • 丛书相关作品
  • 出版社相关作品

书目信息

  • 表格格式
  • 工作单格式
  • 卡片格式
题名:
中国法院2020年度案例
    
 
作者: 蒋惠岭 主编 ;国家法官学院 , 最高法院 编
分册: 8   民间借贷纠纷
出版信息: 北京   中国法制出版社  2020.3
页数: 222页
开本: 25cm
丛书名:
单 册:
中图分类: D920.5 , D925.105
科图分类:
主题词: 案例--an li--中国--2020--汇编 , 民间借贷--min jian jie dai--经济纠纷--案例--中国--2020--汇编
电子资源:
ISBN: 978-7-5216-0933-2
000 01250nam0 2200301 450
001 2161444961
005 20211003080558.65
010    @a978-7-5216-0933-2@dCNY52.00
100    @a20200708d2020 em y0chiy0120 ea
101 0  @achi
102    @aCN@b110000
105    @ay z 000yy
106    @ar
200 1  @a中国法院2020年度案例@Azhong guo fa yuan 2020nian du an li@h8@i民间借贷纠纷@f蒋惠岭主编@g国家法官学院,最高人民法院司法案例研究院编
210    @a北京@c中国法制出版社@d2020.3
215    @a222页@d25cm
304    @a分辑号取自书脊
330    @a本书内容包含借贷关系认定、夫妻共同债务认定、借款主体认定、债务偿还认定、利息与违约金认定、债权转让与债务承担、证据与时效等案件。所选案例均是国家法官学院从各地2019年上报的典型案例中挑选出来的案例,涵盖该领域常见纠纷内容。
517 1  @a民间借贷纠纷@Amin jian jie dai jiu fen
606 0  @a案例@Aan li@y中国@z2020@j汇编
606 0  @a民间借贷@Amin jian jie dai@x经济纠纷@x案例@y中国@z2020@j汇编
690    @aD920.5@v5
690    @aD925.105@v5
701  0 @a蒋惠岭@Ajiang hui ling@f(1963-)@4主编
712 02 @a国家法官学院@Aguo jia fa guan xue yuan@4编
712 02 @a最高法院@Azui gao fa yuan@b司法案例研究院@4编
801  0 @aCN@b百万庄@c20210928
905    @b1302478-481@dD920.5@e2172:8@f4
    
    中国法院2020年度案例.8.民间借贷纠纷/蒋惠岭主编/国家法官学院,最高人民法院司法案例研究院编.-北京:中国法制出版社,2020.3
    222页;25cm
    
    
    ISBN 978-7-5216-0933-2:CNY52.00
    本书内容包含借贷关系认定、夫妻共同债务认定、借款主体认定、债务偿还认定、利息与违约金认定、债权转让与债务承担、证据与时效等案件。所选案例均是国家法官学院从各地2019年上报的典型案例中挑选出来的案例,涵盖该领域常见纠纷内容。
●
相关链接 在E读中查询图书 在五车中查询图书 在当当中查询图书 在豆瓣中查询图书


正题名:中国法院2020年度案例     索取号:D920.5/2172:8         预约/预借

序号 登录号 条形码 馆藏地/架位号 状态 备注
1 1302478   213024788   第一样本阅览室/ [索取号:D920.5/2172:8] 在馆    
2 1302479   213024797   第一借阅区/ [索取号:D920.5/2172:8] 在馆    
3 1302480   213024804   第一借阅区/ [索取号:D920.5/2172:8] 已借出,限还日期为2027.03.02
借出人:闫明昊  
 
4 1302481   213024813   第一借阅区/ [索取号:D920.5/2172:8] 在馆    
唐山师范学院图书馆 欢迎您!
大连网信软件有限公司© 版权所有